000 00362nam a2200133Ia 4500
008 191206s9999 xx 000 0 und d
020 _a908311257
090 _aDT2990.M69
245 0 _aMothers of the revolution
260 _aBaobab Books
260 _cc1990
300 _a"xiv, 306 p. : ill., 1 map ; 22 cm."
999 _c16524
_d16524